| 000 | 00544nam a2200181Ia 4500 | ||
|---|---|---|---|
| 999 |
_c14733 _d14733 |
||
| 003 | OSt | ||
| 005 | 20201019092804.0 | ||
| 008 | 190216s9999||||xx |||||||||||||| ||und|| | ||
| 020 | _a9780198072553 | ||
| 040 | _coclc | ||
| 082 |
_a305.420954 _bNIY/E |
||
| 100 |
_aNiyogi De, Esha _95846 |
||
| 245 | 0 |
_aEmpire, Media And The Autonomous Woman / _cEsha Niyogi De |
|
| 260 |
_bOxford University Press, _c2011. _aNew Delhi: |
||
| 300 | _a246p | ||
| 650 | _aEnglish | ||
| 942 |
_cBK _2ddc _h305.420954 _iNIY/E _k305.420954 _mNIY/E |
||